000 00567nam a2200229Ia 4500
003 OSt
005 20221005125950.0
006 a|||||r|||| 00| 0
007 ta
008 221004b |||||||| |||| 00| 0 eng d
024 _a61579
037 _cTextual
040 _aCRL
_cCRL
_beng
041 _2eng
_aeng
082 _aSM95z7, K8
100 _aRycroft Charles Ed.
_9637390
245 0 _aPsychoanalysis observed
260 _c1968
650 _aPSYCHOLOGY
942 _hSM95z7, K8
_cTEXL
_2cc
999 _c1055646
_d1055646